000 01153njm a22002897a 4500
005 20100916122848.0
006 a|||||r|||||00| 0
007 sd ammalaaahaa
008 100910t xxu||||| |||| 00| 0 eng d
028 _aECLP. 5428
_bHis Master's Voice
035 _aGR-02964
040 _aSED
_cSED
100 _aBhosle, Asha
_919365
245 _aGumrah /
_csung by Asha Bhosle ; music by Ravi ; lyric by Sahir Ludhianvi
_h[sound recording] :
246 _a किशोरे कुमार melodies to remembar /
260 _aDum Dum, India
_bHis Master's Voice
_c1963
300 _a1 sound disc [Gramophone Recording] :
_banalog, 33 1/3 rpm
_c12.5 in. (LP)
_fGramaphone Records
500 _aBrief record
500 _aRecord Lebels :His Master's Voice, Red
505 _aSide-1 (Tujhko mera pyar pukare) (Asha Bhosle) Side-2 (Aap ayen chalo ek bar) (Mahendra Kapoor).
600 _aBhosle, Asha
_920325
650 _2Excerpts.
_aFilm Song
_bIndia
_919366
700 _aRavi
_920326
700 _aLudhianvi, Sahir
_920327
942 _2ddc
_cGR
999 _c46150
_d46150